01082nam a2200241Ia 4500952010800000999001700108008004100125020001500166050002000181100002900201240003500230245009300265250001800358260004100376300003500417500007500452505015800527519004700685650001500732650004300747650004300790942000700833 00104070a11b11d2011-02-14l2oHB171 T83 2002p11 009101r2015-05-19s2015-05-19t1w2012-06-26yLB c72792d72792120626s2001 mx a 000 0 spa d a9706861076 aHB171bT83 2002 aTucker, Irving B.eautor aSurvey of economicslEspañol aFundamentos de economía c/ Irving, B. Tucker; traducción de Alejandro, Rodas Arroyo a3a. edición aMéxicob: Thomson Learningc, 2001 a550 páginasb: ilustraciones aIncluye: Contenido breve, Apéndice A, Apéndice B, Glosario, Indice aIntroducción a la economía Microeconomía Microeconomía y polpitica fiscal Dinero, banca y política monetaria Economía internacional  aMaterial Complementario / d(11 009101)  0aECONOMÍA 0aMACROECONOMÍAxESTUDIO Y ENSEÑANZA 0aMICROECONOMÍAxESTUDIO Y ENSEÑANZA cLB